000 nam a22 7a 4500
999 _c10551
_d10551
008 180219b ||||| |||| 00| 0 eng d
100 _aShrimali,D.S.
_96456
245 _aLearnwell Science-4
260 _aUP
_bHolyFaith